• 首页
  • 本馆介绍
  • 公告通知
  • 最新文献
  • 馆藏检索
  • 电子资源
  • 读者导购
  • 参考咨询
  • 我的图书馆
  • 登录
  • 详细信息显示
  • 放入我的书架
  • 预约/预借图书
  • 作者相关作品
  • 分类相关作品
  • 丛书相关作品
  • 出版社相关作品

书目信息

  • 表格格式
  • 工作单格式
  • 卡片格式
题名:
统计方法
    
 
作者: 斯内德克 , Snedecor , 科克伦 , Cochran 著 ;刘垂玗 译
分册:  
出版信息: 上海   上海翻译出版公司  1991.4
页数: 694页
开本: 20cm
丛书名: 现代概率统计丛书
单 册:
中图分类: O212.1
科图分类: 51.72
主题词: 数理统计
电子资源:
ISBN: 7-80514-291-2
000 01148oam2 2200361 450
001 0191024692
005 20100712224540.0
010    @a7-80514-291-2@dCNY17.00
011    @a7-80514-291-2
100    @a19911129d1991 em y0chiy0110 ea
101 1  @achi@ceng
102    @aCN@b310000
105    @ay z 000yy
106    @ar
200 1  @a统计方法@9Tong Ji Fang Fa @f(美)斯内德克(Snedecor,G.W.),(美)科克伦(Cochran,W.G.)著@g刘垂玗等译
210    @a上海@c上海翻译出版公司@d1991.4
215    @a694页@d20cm
225 2  @a现代概率统计丛书
300    @a书名原文:Statistical methods
314    @aG.W.斯内德克(?~1974),美国衣阿华州立大学的统计学荣誉教授
314    @aW.G.科克伦(?~1980),美国哈佛大学的统计学荣誉教授
461  0 @12001 @a现代概率统计丛书
510 1  @aStatistical methods@zeng
606 0  @a数理统计
690    @aO212.1
692    @a51.72
701  1 @a斯内德克@9si nei de ke@bG.W.@4著
701  1 @aSnedecor@bGeorge W.@4著
701  1 @a科克伦@9ke ke lun@bWilliam G.@4著
701  1 @aCochran@bW.G.@4著
702  0 @a刘垂玗@9liu chui yu@4译
801  0 @aCN@b91MARC@c20130904
905    @aBZT@dO212.1@e8@f1@sO212.1/8
    
    统计方法/(美)斯内德克(Snedecor,G.W.),(美)科克伦(Cochran,W.G.)著/刘垂玗等译.-上海:上海翻译出版公司,1991.4
    694页;20cm.-(现代概率统计丛书)
    书名原文:Statistical methods
    
    ISBN 7-80514-291-2:CNY17.00
    
●
相关链接 在五车中查询图书 在当当中查询图书 在豆瓣中查询图书


正题名:统计方法     索取号:O212.1/8         预约/预借

序号 登录号 条形码 馆藏地/架位号 状态 备注
1 2000142048   2000142048   旧书回溯/ [索取号:O212.1/8] 在馆    
山东省滨州职业学院图书馆 欢迎您!
大连网信软件有限公司© 版权所有